New species of minute Leptodactylid frogs from the Andes of Ecuador and Peru (Registro nro. 9199)

Detalles MARC
000 -CABECERA
Campo de control 006520000a22002050004500
090 ## - CLASIFICACIÓN LOCAL
Colección AR
Consecutivo 00098
041 0# - IDIOMA
Código de idioma para texto/pista de sonido o título separado
100 1# - ASIENTO PRINCIPAL--NOMBRE PERSONAL
Nombre personal Lynch, John D.
245 10 - MENCION DE TITULO
Título New species of minute Leptodactylid frogs from the Andes of Ecuador and Peru
650 14 - ASIENTO SECUNDARIO DE MATERIA - TERMINO TEMATICO
Término temático o nombre geográfico como elemento de entrada Nuevas especies
650 14 - ASIENTO SECUNDARIO DE MATERIA - TERMINO TEMATICO
Término temático o nombre geográfico como elemento de entrada Anfibios
650 14 - ASIENTO SECUNDARIO DE MATERIA - TERMINO TEMATICO
Término temático o nombre geográfico como elemento de entrada Fauna
650 14 - ASIENTO SECUNDARIO DE MATERIA - TERMINO TEMATICO
Término temático o nombre geográfico como elemento de entrada Morfología
651 #4 - ASIENTO SECUNDARIO DE MATERIA - NOMBRE GEOGRAFICO
-- Ecuador
651 #4 - ASIENTO SECUNDARIO DE MATERIA - NOMBRE GEOGRAFICO
-- Perú
653 ## - TERMINO DE INDIZACION - NO CONTROLADO
-- Leptodactylidae
-- Phrynopus
-- Phrynopus bagrecito
653 ## - TERMINO DE INDIZACION - NO CONTROLADO
-- Leptodactylidae
-- Adelophryne
-- Adelophryne adiastola
773 1# - Item fuente:
Título Journal of Herpetology
Especificación de materiales 49
Descripción física 20
Paginas del Articulo 423-431
Lugar, editorial y fecha de publicación 1986
Información sobre la relación 20
942 ## - ELEMENTOS ADICIONALES (KOHA)
Tipo de ítem Artículo
Existencias
Withdrawn status Lost status Sistema de Clasificación Damaged status No para préstamo Colección Ubicación Permanente Ubicación actual Fecha de adquisición Fuente de Valor Total Checkouts Número topográfico Inventario / Código de Barras Date last seen Ejemplar Price effective from Tipo de material
    Dewey Decimal Classification   No para Préstamo Hemeroteca Bogotá Bogotá 27/02/2015 Instituto de Ciencias Naturales   AR 00098 Fuera de circulación 010329 25/03/2015 1 25/03/2015 Artículo